| 000 | 00980cam a22002771 4500 | ||
|---|---|---|---|
| 001 | 17894 | ||
| 003 | BD-RjUL | ||
| 005 | 20211209000216.0 | ||
| 008 | 140219s1953 mau b 001 0 eng | ||
| 035 | _a(BD-RjUL)17952 | ||
| 040 |
_aDLC _cDLC _dDLC _dBD-RjUL _beng |
||
| 041 | _aeng | ||
| 082 | 0 | 0 |
_a813.409 _bGER |
| 100 | 1 |
_aGeismar, Maxwell David, _d1909- _951789 |
|
| 245 | 1 | 0 |
_aRebels and ancestors; _bthe American novel, 1890-1915: Frank Norris, Stephen Crane, Jack London, Ellen Glasgow [and] Theodore Dreiser. |
| 260 |
_aBoston : _bHoughton Mifflin, _c1953. |
||
| 300 |
_axii, 435 p. ; _c22 cm. |
||
| 490 | 0 | _aHis The novel in America | |
| 504 | _aIncludes Bibliography: p. [417]-424 and index. | ||
| 650 | 0 |
_aAmerican fiction _y20th century _xHistory and criticism. _952286 |
|
| 650 | 0 |
_aAmerican fiction _y19th century _xHistory and criticism. _955215 |
|
| 650 | 0 |
_aDissenters in literature. _955216 |
|
| 942 |
_2ddc _cBK |
||
| 999 |
_c17894 _d17894 |
||